[Event "Kragero Resort Chess A 2018"]
[Site "Kragero"]
[Date "2018.02.23"]
[Round "4"]
[White "Houska, Jovanka"]
[Black "Vestby-Ellingsen, Mads"]
[Result "1-0"]
[WhiteElo "2408"]
[BlackElo "2160"]
[Annotator "TA"]
[PlyCount "187"]
[EventDate "2018.??.??"]
[EventType "swiss"]
[EventCountry "NOR"]
[SourceTitle "playchess.com"]
[Source "ChessBase"]
[SourceQuality "1"]

{[%evp 14,187,18,0,0,0,12,10,21,7,30,29,57,36,50,31,64,74,65,41,71,75,70,66,90,75,95,97,104,97,106,88,105,100,116,92,99,85,122,126,194,101,89,91,104,76,107,87,90,89,92,80,83,82,75,48,62,42,86,77,85,83,83,83,115,110,120,108,125,118,119,115,220,197,189,179,221,129,256,135,133,131,204,204,368,367,447,429,437,-18,13,13,13,13,13,13,13,26,85,94,97,105,75,0,0,0,0,0,0,0,0,0,0,0,12849,12849,12850,12851,12851,12851,12851,12851,12851,12851,12851,12851,12851,12851,12851,12851,12851,12851,12851,12851,12851,12851,12851,12851,12851,12851,12851,12851,12851,12851,12851,12851,12851,12851,12851,12851,12851,12851,12851,12851,12851,12851,12851,12851,29973,29974,29976,29974,29974,29975,29975,29976,29977,29978,29978,29979,29982,29980,29980,29981,29984,29982]} 1. d4 Nf6 2. Nf3 g6 3. Nbd2 Bg7 4. e4 d6 5. Be2 O-O 6. O-O Nc6 7. Re1 e5 8. c3 {LiveBook: 7 Games} exd4 {B07: Pirc Defence: Miscellaneous Systems} 9. cxd4 Bg4 (9... Re8 10. Bb5 Bd7 11. h3 Re7 12. a3 Qe8 13. Bd3 a5 14. Qc2 Nd5 15. Rd1 Nf4 16. Bf1 {0-1 (23) Dizdar,G (2490)-Smirin,I (2590) Zagreb 1993}) 10. d5 Nb8 {The position is equal.} 11. h3 $146 ({Predecessor:} 11. Qc2 Nbd7 12. Nb3 Re8 13. Nfd4 Bxe2 14. Rxe2 a5 15. a4 Nc5 16. f3 {0-1 (32) Siaperas,T-Marangunic,S Zagreb 1971}) 11... Bxf3 12. Bxf3 Re8 13. Nc4 $36 {[%mdl 2048] White has the initiative.} Nfd7 14. Be3 Ne5 15. Nxe5 Bxe5 16. Qc2 Nd7 17. Rac1 Rc8 18. b4 a6 19. Qd2 h5 20. Bd1 Bg7 21. f3 {[%cal Bf2f3,Bf3f4][%mdl 32]} Bf6 22. Ba4 b5 23. Bb3 Bh4 24. Rf1 Qe7 25. Bd4 Bg5 26. f4 Bf6 (26... Bh6 $16) 27. Rce1 (27. Bxf6 $1 $18 Qxf6 28. e5 $1 {[%mdl 512]}) 27... Bxd4+ $16 28. Qxd4 f6 29. Bc2 Kg7 30. Re3 c5 31. dxc6 $1 Rxc6 32. Bb3 Nb6 33. Rfe1 {Threatens to win with Bd5.} Nc4 34. R3e2 Rec8 35. Rd1 {[%cal Be1d1,Bd1d3,Bd3g3][%mdl 32]} Qc7 36. Kh1 Qe7 37. Kh2 Qc7 38. Rd3 Qe7 39. Rg3 Kh7 40. Rc2 R6c7 41. Rgc3 Qe6 42. a4 Rc6 (42... g5 $16) 43. axb5 axb5 44. Ra2 R6c7 {[#]} 45. Ra6 (45. Ra5 $1 $18 {[%cal Ra5b5][%mdl 512]} Qd7 (45... Nxa5 46. Bxe6) 46. Bxc4 (46. Qxf6 Nxa5 47. bxa5 Rxc3 $16) 46... Rxc4 47. Rxc4 Rxc4 48. Qb6 (48. Qxf6 Rxe4 49. Ra8 Qg7 $14)) 45... Re7 {[#]} (45... Rb7 $16 46. Ra5 d5) 46. Bc2 (46. Ra5 $1 $18 {[%mdl 512]}) 46... Rec7 47. Bd3 Qe7 (47... Qf7 $16 {was worth a try.} 48. Bxc4 Rxc4 49. Rxc4 Rxc4 50. Qxd6 Rxe4) 48. Qd5 $18 Qf7 $2 (48... h4 49. Qxb5 d5 50. Qxd5 Nb6 51. Rxb6 (51. Rxc7 Qxc7 52. Qb5 Qxf4+ 53. Kg1 Rc1+ 54. Bf1 Nc4 $17) 51... Rxc3) 49. Qxb5 Nb2 50. Rxc7 Qxc7 51. Rb6 $2 ({White should try} 51. Bf1 $18) 51... Qc1 ({But not} 51... Nxd3 $2 52. Rb7 $18) (51... Kh6 $5 {[%cal Rb2d3]} 52. Bf1 Qc1 $17) 52. Qd7+ Kh6 53. Qxd6 Nxd3 54. Qxd3 Qxf4+ 55. Qg3 Qxg3+ (55... Qxe4 $11 {remains equal.} 56. Rxf6 Rc4) 56. Kxg3 $11 {[%mdl 4096] Endgame KR-KR} Rc4 57. Kf3 Kg5 {[#]} 58. h4+ (58. b5 $1 $16) 58... Kxh4 59. Rxf6 Kg5 60. Rb6 Rc3+ 61. Kf2 Kf4 62. Rxg6 Rc2+ 63. Kg1 Kxe4 $2 {[%mdl 8192]} (63... Rb2 $11) 64. Rh6 $18 Kf4 65. Rxh5 Rb2 66. Kh2 Kg4 67. Rb5 Rb3 68. Rb8 Kg5 69. b5 {[%cal Bb4b5,Bb5b6][%mdl 32]} Kh5 70. b6 Kg6 71. g3 Rb2+ 72. Kh3 Rb4 73. Kg2 Rb3 74. Kf2 Kg7 75. Rb7+ Kg6 76. Rb8 Kg7 77. Kg2 Kg6 78. Kh3 Rb4 79. g4 {[%cal Bg3g4,Bg4g5][%mdl 32]} Rb3+ 80. Kh4 Kh6 81. g5+ Kg6 82. Kg4 Rb4+ 83. Kf3 Kg7 84. Ke3 Rg4 85. Kd3 Rxg5 86. Kc4 {White mates.} Rg1 87. Re8 Rb1 88. Kc5 Rc1+ 89. Kd6 Rb1 90. Kc7 Rc1+ 91. Kb8 Kf7 92. Re4 Rb1 93. b7 Rb2 94. Kc7 {Precision: White = 63%, Black = 28%.} 1-0

[Event "Kragero Resort Chess A 2018"]
[Site "Kragero"]
[Date "2018.02.23"]
[Round "4"]
[White "Sagafos, Magne"]
[Black "Vitenberg, Noam Aviv"]
[Result "1-0"]
[WhiteElo "2384"]
[BlackElo "1911"]
[Annotator "TA"]
[PlyCount "49"]
[EventDate "2018.??.??"]
[EventType "swiss"]
[EventCountry "NOR"]
[SourceTitle "playchess.com"]
[Source "ChessBase"]
[SourceQuality "1"]

{[%evp 18,49,17,21,53,47,56,45,57,41,60,50,66,32,31,43,75,69,81,70,67,83,286,287,416,411,579,539,798,680,1721,1704,1222,636]} 1. e4 c6 2. Nc3 d5 3. Nf3 Nf6 4. e5 Ne4 5. Ne2 Qb6 6. d4 {B11: Caro-Kann: Two Knights Variation} e6 7. Nfg1 (7. g3 c5 8. Bg2 Bd7 9. O-O Bb5 10. Re1 Nc6 11. c3 Rc8 12. Be3 Bc4 13. Qc2 {½-½ (48) Naiditsch,A (2702)-Bartel,M (2613) Germany 2017}) 7... f6 8. f3 {[%cal Bf2f3,Bf3f4,Bf4f5][%mdl 32]} Ng5 9. exf6 gxf6 10. f4 {LiveBook: 60 Games} Nf7 11. Nf3 c5 12. f5 Nc6 13. Nf4 Nxd4 14. Nxd4 cxd4 15. fxe6 Bxe6 16. Bd3 $146 Bb4+ 17. Bd2 Bxd2+ 18. Qxd2 Ne5 19. O-O O-O $2 (19... Bf7 $16) 20. Nh5 $18 Nxd3 (20... Ng4 {keeps fighting.} 21. Nxf6+ Rxf6) 21. Qh6 {[%csl Gh5][%cal Rh6g7] [#]} ({Weaker is} 21. cxd3 Bg4 $14) (21. Qxd3 Kh8 $16) 21... Qc7 (21... Rf7 $142) 22. cxd3 {White is clearly winning.} Kh8 {Black hopes to continue with ...Bg4.} 23. Rxf6 Rxf6 24. Qxf6+ ({Not} 24. Nxf6 Qg7 $16) 24... Kg8 25. Qxe6+ {Precision: White = 89%, Black = 21%.} 1-0

[Event "Kragero Resort Chess A 2018"]
[Site "Kragero"]
[Date "2018.02.23"]
[Round "4"]
[White "Haug, Johannes"]
[Black "Royset, Pal"]
[Result "1-0"]
[WhiteElo "2355"]
[BlackElo "2285"]
[Annotator "TA"]
[PlyCount "44"]
[EventDate "2018.??.??"]
[EventType "swiss"]
[EventCountry "NOR"]
[SourceTitle "playchess.com"]
[Source "ChessBase"]
[SourceQuality "1"]

{[%evp 21,44,20,33,22,19,22,33,10,20,22,42,19,6,11,18,13,24,0,0,-95,-98,-168,-166,-158,-179]} 1. d4 d5 2. c4 e6 3. Nc3 h6 4. Nf3 Nf6 5. g3 c5 6. Bg2 Nc6 7. O-O cxd4 8. Nxd4 Be7 9. cxd5 exd5 10. Be3 O-O 11. Nxc6 bxc6 12. Na4 {D34: Damengambit (Tarrasch-Verteidigung, Hauptvariante)} (12. Rc1 Ng4 13. Bd4 Bf6 14. Na4 Bd7 15. Nc5 Ne5 16. e4 Bg4 17. f3 Bc8 18. f4 Bg4 19. Qa4 Nc4 {1-0 (39) Kulikov,A (2398)-Teterin,S (2118) Kstovo 2008}) 12... Bg4 $146 ({Vorgänger:} 12... Re8 13. Rc1 Bd7 14. Bc5 Bxc5 15. Nxc5 Bg4 16. Re1 Qb6 17. Qc2 Rac8 18. e3 Nd7 19. Nxd7 Bxd7 20. b3 Re5 21. Qc3 Rce8 22. Red1 f6 23. Rd4 a5 24. Qc5 {1-0 (49) Mosetlhe,K (2189)-Khoza,M (1644) Bloemfontein 2017}) 13. Rc1 Qd7 14. Bc5 {Weiß steht etwas besser.} Rfe8 15. Re1 Qb7 16. Qd4 Bd8 17. e3 Ba5 18. b4 Bc7 19. Qd3 a5 20. Rb1 (20. Bd4 $11) 20... Qc8 $17 {Weiss muss nun ...Lf5 beachten.} 21. f3 (21. Qf1 $17 {ist eine bessere Verteidigung.}) 21... axb4 22. Rxb4 Bf5 {[%mdl 32768] Precision: Weiß = 52%, Schwarz = 57%. . Loss on Time!?} 1-0

[Event "Kragero Resort Chess A 2018"]
[Site "Kragero"]
[Date "2018.02.23"]
[Round "4"]
[White "Hobber, Anders"]
[Black "Baldursson, Hrannar"]
[Result "1/2-1/2"]
[WhiteElo "2286"]
[BlackElo "2153"]
[Annotator "NA RC"]
[PlyCount "92"]
[EventDate "2018.??.??"]
[EventType "swiss"]
[EventCountry "NOR"]
[SourceTitle "playchess.com"]
[Source "ChessBase"]
[SourceQuality "1"]
[TimeControl "5400+30"]

1. d4 {[%emt 0:00:00]} Nf6 {[%emt 0:00:08]} 2. Nf3 {[%emt 0:00:04]} d6 {[%emt 0:00:07]} 3. g3 {[%emt 0:00:56]} c6 {[%emt 0:01:13]} 4. Bg2 {[%emt 0:00:42]} Nbd7 {[%emt 0:00:11]} 5. O-O {[%emt 0:02:30]} g6 {[%emt 0:00:13]} 6. b3 {[%emt 0:02:32]} Bg7 {[%emt 0:00:32]} 7. Bb2 {[%emt 0:02:18]} O-O {[%emt 0:00:15]} 8. Nbd2 {[%emt 0:03:32]} Qc7 {[%emt 0:00:57]} 9. e4 {[%emt 0:02:37] LiveBook: 34 Games} e5 {[%emt 0:00:23]} 10. dxe5 {[%emt 0:01:16] A49: 1 d4 Nf6 2 Nf3 g6 3 g3: Anti-King's Indian systems} dxe5 {[%emt 0:00:40]} (10... Nxe5 11. Nxe5 dxe5 12. a4 Be6 13. Qe2 Rfd8 14. Nc4 Ne8 15. Rfd1 Rxd1+ 16. Rxd1 Rd8 17. Rxd8 Qxd8 18. Nxe5 {1-0 (35) Moussard,J (2571)-Haldorsen,B (2405) chess.com INT 2018}) 11. Qe2 {[%emt 0:02:17]} b5 {[%emt 0:01:04]} 12. a4 $146 {[%emt 0:02:45]} ({Predecessor:} 12. Rfd1 Bb7 13. Ne1 Rfe8 14. Ndf3 a6 15. Nd2 Rac8 16. c4 b4 17. a3 a5 {1-0 (48) Lane,N (1930)-Anton,S (1751) Nadi 2013}) 12... b4 {[%emt 0:03:33]} 13. Nc4 {[%emt 0:06:59]} Ba6 {[%emt 0:00:42]} 14. Rfe1 {[%emt 0:13:41]} Rfe8 {[%emt 0:00:51]} 15. Rad1 {[%emt 0:01:10]} Rad8 {[%emt 0:14:06]} 16. Nfd2 {[%emt 0:05:26]} Nb6 {[%emt 0:01:41]} 17. Bf1 {[%emt 0:05:29]} Nfd7 {[%emt 0:14:54]} 18. Qf3 {[%emt 0:07:43]} Nc5 {[%emt 0:01:09]} 19. Nxb6 {[%emt 0:01:04]} Bxf1 {[%emt 0:00:28]} 20. Rxf1 {[%emt 0:00:49]} axb6 {[%emt 0:00:31]} 21. Qe2 {[%emt 0:04:49]} Ne6 {[%emt 0:01:33]} 22. Nf3 {[%emt 0:03:13]} Nd4 {[%emt 0:01:35]} 23. Bxd4 {[%emt 0:01:31]} exd4 {[%emt 0:00:08]} 24. Rfe1 {[%emt 0:00:52]} c5 {[%emt 0:01:12]} 25. Nd2 {[%emt 0:02:18]} Re6 {[%emt 0:01:26]} 26. Qd3 {[%emt 0:02:48]} Rde8 {[%emt 0:02:23]} 27. f4 {[%emt 0:01:21]} h5 {[%emt 0:01:28]} 28. Re2 {[%emt 0:02:03]} Qc6 {[%emt 0:05:40]} 29. Rde1 {[%emt 0:00:52]} Rb8 {[%emt 0:06:55]} 30. Nc4 {[%emt 0:01:51]} Rbe8 {[%emt 0:00:51]} 31. Kf2 $16 {[%emt 0:01:38]} Qb7 {[%emt 0:01:50]} 32. e5 {[%emt 0:01:27]} Qd5 {[%emt 0:09:42]} 33. Nd6 {[%emt 0:03:52]} Rxd6 {[%emt 0:02:01]} 34. exd6 {[%emt 0:00:04]} Re3 {[%emt 0:00:16]} 35. Rxe3 {[%emt 0:03:55]} dxe3+ {[%emt 0:00:11]} 36. Kxe3 {[%emt 0:07:08]} Bd4+ {[%emt 0:00:34]} 37. Kd2 {[%emt 0:00:33]} Qxd6 {[%emt 0:00:20]} 38. Kc1 {[%emt 0:00:43]} Qf6 {[%emt 0:00:31]} 39. Kd1 {[%emt 0:01:08]} Kh7 {[%emt 0:01:18]} 40. f5 {[%emt 0:00:59]} gxf5 {[%emt 0:02:04]} 41. Qf3 {[%emt 0:01:02]} Kg6 {[%emt 0:01:28]} 42. Rf1 {[%emt 0:00:16]} Bc3 {[%emt 0:01:13]} 43. Qd3 {[%emt 0:00:24]} Qe6 {[%emt 0:02:19]} 44. h3 {[%emt 0:00:36]} Kg5 {[%emt 0:03:13]} 45. Qd8+ {[%emt 0:00:25]} Kg6 {[%emt 0:02:55]} 46. Qd3 {[%emt 0:00:21]} Kg5 {[%emt 0:00:49]} 1/2-1/2

[Event "Kragero Resort Chess A 2018"]
[Site "Kragero"]
[Date "2018.02.23"]
[Round "4"]
[White "Pantzar, Milton"]
[Black "Kveinys, Aloyzas"]
[Result "0-1"]
[WhiteElo "2260"]
[BlackElo "2550"]
[Annotator "TA"]
[PlyCount "84"]
[EventDate "2018.??.??"]
[EventType "swiss"]
[EventCountry "NOR"]
[SourceTitle "playchess.com"]
[Source "ChessBase"]
[SourceQuality "1"]

{[%evp 16,84,0,-4,10,10,10,10,10,7,5,8,6,-52,-66,-62,-36,-36,0,-26,-11,-61,-47,-158,-64,-48,-43,-31,-9,-50,0,-113,-70,-101,-86,-78,-78,-254,-249,-244,-249,-336,-351,-356,-348,-317,-323,-326,-238,-548,-525,-704,-629,-1039,-634,-909,-885,-1165,-1166,-1195,-1102,-993,-1002,-992,-1021,-1020,-1020,-991,-970,-961,-952]} 1. c4 e5 2. Nc3 Nc6 3. Nf3 g6 4. d4 exd4 5. Nxd4 Bg7 6. Nc2 Nge7 7. g3 d6 8. Bg2 O-O 9. O-O {LiveBook: 14 Partien. A27: Englische Eröffnung (Holländische Struktur)} a6 10. Bd2 Rb8 11. a4 {Die Stellung ist ausgeglichen.} Be6 12. Ne3 Ne5 $146 ({Vorgänger:} 12... a5 13. Rb1 b6 14. Ncd5 Ne5 15. Qc2 Nd7 16. Bc3 f6 {1-0 (46) Demchenko,A (2632)-Borisenko,A (2401) St Petersburg 2013}) 13. b3 c6 14. f4 (14. Ne4 $11) 14... Nd7 $15 15. Rc1 Qb6 {[#] Droht stark ...Ld4.} 16. Kh1 a5 17. Ne4 d5 18. c5 Qa7 19. Nd6 {[#]} ({Lieber} 19. Ng5 $15) 19... d4 ({Finger weg von} 19... Nxc5 20. f5 $17) (19... f5 $1 $17 20. g4 fxg4) 20. Nec4 Qxc5 21. Bxa5 b5 22. b4 Qh5 23. Nd2 (23. axb5 $11 {bleibt in der Remisbreite.} cxb5 24. Bf3) 23... Nd5 {Weiss muss nun ...Se3 beachten.} 24. Bf3 Qh3 25. Bg2 Qh6 26. Qc2 $2 (26. Rf3 $17 {war einen Versuch wert.}) 26... Ne3 $19 27. Qxc6 Nf6 ({Nicht} 27... Nxf1 28. Nxf1 bxa4 29. Qxa4 $17) 28. Rf3 Nxg2 29. Kxg2 Qh3+ 30. Kg1 Bd5 ({Schwächer ist} 30... Ng4 31. Nf1 $17) 31. Qc5 bxa4 $40 {[%mdl 128] ...Sg4 ist eine echte Drohung. Schwarz will per K.O. gewinnen.} 32. Bc7 $2 (32. Rf2 {leistet mehr Widerstand.}) 32... Ra8 {Schwarz steht klar auf Gewinn.} (32... Ng4 $2 33. Nf1 $19) 33. Nb5 a3 {[%cal Ba4a3,Ba3a2][%mdl 32]} 34. Ra1 a2 35. Be5 Ng4 36. Nf1 Bxf3 37. exf3 Nxe5 38. fxe5 Rfc8 39. Qd5 Qe6 40. Qxe6 fxe6 41. f4 Rc2 42. Nxd4 Rb2 {Precision: Weiß = 33%, Schwarz = 78%.} 0-1

[Event "Kragero Resort Chess A 2018"]
[Site "Kragero"]
[Date "2018.02.23"]
[Round "4"]
[White "Nordquelle, Daniel"]
[Black "Kantans, Toms"]
[Result "0-1"]
[WhiteElo "2220"]
[BlackElo "2487"]
[Annotator "TA"]
[PlyCount "130"]
[EventDate "2018.??.??"]
[EventType "swiss"]
[EventCountry "NOR"]
[SourceTitle "playchess.com"]
[Source "ChessBase"]
[SourceQuality "1"]

{[%evp 16,130,31,26,31,20,37,15,39,38,39,36,36,29,29,30,32,19,32,0,7,0,118,114,213,0,0,0,0,-127,-140,-168,171,-19,38,0,38,30,116,121,137,137,128,131,127,135,133,133,139,127,136,136,139,134,129,127,141,131,139,130,157,145,153,155,147,152,143,155,150,0,0,0,0,-384,-383,-359,-370,-345,-321,-261,-168,-171,-168,-699,-660,-675,-619,-492,-7,-29972,-29973,-29973,-29974,-12718,-4515,-29975,-29975,-29976,-29977,-29977,-29978,-29985,-29986,-29986,-29987,-29987,-29988,-29991,-29992,-29994,-29995,-29995,-29994,-29996,-29996,-29997,-29997]} 1. e4 c5 2. Nc3 Nc6 3. Bb5 g6 4. Bxc6 dxc6 5. d3 Bg7 6. Be3 b6 7. Qd2 e5 {B23: Closed Sicilian: Lines without g3} 8. Nge2 (8. f4 Nf6 9. Nf3 Ng4 10. Nxe5 Nxe5 11. fxe5 Qh4+ 12. Bf2 Qe7 13. Bg3 Bxe5 14. Bxe5 Qxe5 15. O-O {1-0 (82) Solak,D (2641)-Saraci,N (2383) Minsk 2017}) 8... Be6 9. O-O {LiveBook: 3 Games} Nf6 {White has an edge.} 10. h3 O-O 11. Bh6 $146 ({Predecessor:} 11. f4 exf4 12. Bxf4 Nh5 13. Bh6 Qd6 14. Bxg7 Nxg7 15. Qg5 {1-0 (66) Nestorovic,L (2340)-Dikic,V (2030) Senta 2016}) 11... Qd6 12. Bxg7 Kxg7 13. f4 exf4 14. Rxf4 Qe5 15. Raf1 Nd7 16. Nd1 Rae8 17. Ne3 Qxb2 18. Rh4 Kg8 (18... h5 $11) 19. d4 $1 $16 f5 (19... Bxa2 $2 20. Nd1 $18) (19... f6 $16) 20. Nd1 $2 ({White has to play} 20. exf5 $1 $18 Bxf5 21. Nxf5 gxf5 22. Qg5+ Kh8 23. Rxf5 Qa1+ 24. Kh2 Rxf5 25. Qxf5) 20... Qxa2 21. Ndc3 $40 {[%mdl 128] White mounts an attack.} Qa6 $1 22. Qh6 (22. d5 $1 $11 {remains equal.} cxd5 23. exd5) 22... Rf7 $17 23. exf5 gxf5 $4 {[%mdl 8192]} (23... Bxf5 $19 {avoids the disaster.} 24. Ng3 cxd4 25. Rxd4 Qa3) 24. Nf4 $2 (24. Rf3 $1 $18) 24... Qc4 (24... Nf8 $1 $11 25. d5 Bxd5 26. Nfxd5 cxd5 27. Nxd5 Kh8) 25. Rf3 {White threatens Rg3+ and mate.} (25. d5 $5 Qd4+ 26. Kh1 cxd5 27. Rf3 $11) 25... Qxd4+ (25... Rg7 $5 {[%cal Rc4d4]} 26. Nce2 Ree7 $11) 26. Kh1 {Hoping for Rg3+.} Qf6 (26... Qe5 $11 27. Rg3+ Rg7 28. Rxg7+ (28. Qxh7+ Kf7 $11) 28... Qxg7 29. Nxe6 Qxh6 30. Rxh6 Ne5) 27. Rg3+ $16 Rg7 28. Qxh7+ $1 Kf7 ({Wrong is} 28... Kf8 $2 29. Nxe6+ Rxe6 30. Qh8+ Kf7 31. Rxg7+ Qxg7 32. Rh7 $18) 29. Qh5+ {[%mdl 1024] White has strong compensation.} Ke7 30. Re3 $1 {[%cal Re3e6]} Ne5 {aiming for ...Kd8.} 31. Qe2 $1 Kd6 32. Nh5 Qxh4 33. Nxg7 Re7 34. Rxe5 Bd7 35. Rxe7 ({And not} 35. Nxf5+ Bxf5 36. Rxe7 Qxe7 $17) 35... Qxe7 36. Qd2+ Kc7 37. Nh5 $1 a5 38. Nf4 Qd6 39. Qe3 b5 {[%cal Bb6b5,Bb5b4][%mdl 32]} 40. h4 {[%cal Bh3h4,Bh4h5][%mdl 32]} a4 41. h5 a3 {[#]} 42. Nfe2 (42. Kg1 $1 $16 b4 43. Na2 Qd1+ 44. Kh2) 42... b4 {White must now prevent ...f4.} 43. Na2 $1 Be6 44. Nec1 $2 {[%mdl 8192]} (44. h6 $11 Bxa2 45. h7) 44... Bxa2 $19 ({Weaker is} 44... Qd1+ 45. Kh2 $19) 45. Nxa2 Qd1+ 46. Kh2 {And now h6 would win.} Qxh5+ 47. Kg3 {intending Qe7+.} Qg4+ 48. Kf2 {[#]} Kb6 $1 49. Qb3 $2 (49. Qe8) 49... Qd4+ 50. Kg3 Qe5+ 51. Kf2 Qb2 $2 (51... Qd5 $19 {Strongly threatening ...Qxb3.} 52. Qb1 f4) 52. Ke3 $2 {[%mdl 8192]} (52. Qc4 $11) 52... Qxb3+ 53. cxb3 {[%mdl 4096] Endgame [#] KN-KP} c4 $1 {[%mdl 512]} 54. Nc1 (54. bxc4 b3) 54... Kb5 55. Kd2 c5 {[%cal Bc6c5,Bc5c4,Bc4c3,Bc3c2][%mdl 32] Black mates.} 56. Kc2 cxb3+ 57. Nxb3 f4 58. Nc1 c4 59. Ne2 b3+ 60. Kc3 a2 61. Kb2 Kb4 62. Nd4 c3+ 63. Ka1 Kc4 64. g4 Kxd4 65. g5 c2 {Precision: White = 43%, Black = 61%.} 0-1

[Event "Kragero Resort Chess A 2018"]
[Site "Kragero"]
[Date "2018.02.23"]
[Round "4"]
[White "Lindbol, Aleksander"]
[Black "Genocchio, Daniele"]
[Result "0-1"]
[WhiteElo "2218"]
[BlackElo "2385"]
[Annotator "TA"]
[PlyCount "94"]
[EventDate "2018.??.??"]
[EventType "swiss"]
[EventCountry "NOR"]
[SourceTitle "playchess.com"]
[Source "ChessBase"]
[SourceQuality "1"]

{[%evp 9,94,6,11,5,0,-19,-22,-22,-18,-34,-32,-28,-21,-39,0,-25,-27,-31,-8,-29,-22,-27,-36,-38,-28,-101,-79,-87,-113,-149,-158,-140,-150,-156,-150,-147,-148,-138,-122,-114,-98,-104,-116,-125,-122,-281,-274,-280,-272,-263,-267,-222,-166,-146,-121,-137,-130,-136,-135,-135,-143,-135,-137,-126,-81,-200,-200,-200,-200,-216,-119,-323,-335,-258,-208,-200,-200,-200,-200,-650,-622,-560,-560,-868,-924,-868,-835]} 1. c4 e5 2. g3 Nf6 3. Bg2 h6 (3... d5 4. cxd5 Nxd5 5. Nc3 Nb6 6. d3 Be7 7. Be3 O-O 8. Rc1 Re8 9. Qc2 Bf8 10. a3 c6 11. Nf3 N8d7 12. O-O Nf6 13. b4 Bf5 14. Rfd1 h6 15. Ne4 Rc8 16. Bc5 Bxe4 17. dxe4 {½-½ (39) Ding,L (2777)-Harikrishna,P (2744) Huaian 2017}) 4. b3 Bc5 5. Bb2 O-O {LiveBook: 5 Partien} 6. Nc3 {A20: Englische Eröffnung} Re8 7. d3 $146 ({Vorgänger:} 7. a3 a5 8. e3 c6 9. Rc1 Qe7 10. Nb1 d6 11. Ne2 {1-0 (43) Cebalo,M (2437)-Salmoiraghi,A (2178) Pula 2012}) 7... c6 8. Nf3 {Die Stellung ist ausgeglichen.} d5 9. cxd5 cxd5 10. O-O Nc6 11. Rc1 Qe7 12. e4 dxe4 13. dxe4 Ba3 14. Nd5 Nxd5 15. Bxa3 Ndb4 $1 16. Nh4 a5 17. Qh5 (17. Nf5 $11 {bleibt in der Remisbreite.} Bxf5 18. exf5) 17... Qg5 $1 $36 {[%cal Rg5h5][%mdl 2048] Schwarz ist am Drücker.} 18. Qxg5 hxg5 19. Bxb4 axb4 20. Nf5 Rxa2 21. Nd6 Rd8 22. Nxc8 Rxc8 23. Rfd1 Rca8 24. Rd7 Nd4 25. Bf1 {[#]} b5 $1 (25... Nxb3 $6 26. Rcc7 $11) 26. Kg2 g4 27. Rc5 $2 {[#]} (27. Rb7 $17 {war angesagt.}) 27... Rb2 $1 $19 {Und weiter mit ...Sf3 wäre nett.} ({Lieber nicht} 27... Nxb3 28. Rxb5 Rd2 29. Rd3 $11) 28. Rcc7 Ne6 ({Schwächer ist} 28... Rxb3 29. Rxf7 Ne6 30. Ra7 $11) 29. Ra7 Rxa7 30. Rxa7 {[%mdl 4096] Endspiel KTL-KTS} Nd4 ({Keinesfalls} 30... Rxb3 31. Bxb5 Rb2 32. Bc4) 31. Rb7 Rxb3 32. Bxb5 Nxb5 33. Rxb5 $17 {KT-KT} f6 34. h3 gxh3+ 35. Kxh3 Rb1 36. Kg4 Kf7 37. Kf5 (37. Rb7+ $17 Kg6 38. Rb6) 37... g6+ $19 38. Kg4 b3 39. Rb7+ Kf8 (39... Ke6 $19 {Droht stark ...b2.} 40. Rb6+ Ke7) 40. Rb8+ $2 (40. Kf3 $17) 40... Ke7 41. Kf3 Kd7 42. Ke2 Kc7 43. Rb4 Kc6 44. Kd2 $2 (44. Rb8) 44... Kc5 {Schwarz steht klar auf Gewinn.} 45. Rb8 Kc4 46. Rf8 b2 47. Kc2 Rf1 {Precision: Weiß = 43%, Schwarz = 67%.} 0-1

[Event "Kragero Resort Chess A 2018"]
[Site "Kragero"]
[Date "2018.02.23"]
[Round "4"]
[White "Sahl, Sheila Barth"]
[Black "Fossan, Andreas"]
[Result "1/2-1/2"]
[WhiteElo "2181"]
[BlackElo "1997"]
[Annotator "TA"]
[PlyCount "56"]
[EventDate "2018.??.??"]
[EventType "swiss"]
[EventCountry "NOR"]
[SourceTitle "playchess.com"]
[Source "ChessBase"]
[SourceQuality "1"]

{[%evp 17,56,0,0,0,0,0,0,0,0,0,10,0,0,-25,-12,-16,-10,-66,-70,-64,-29,-22,-18,-31,-25,-28,-20,-44,-43,-51,-27,-62,-18,-17,0,0,0,0,0,0,0]} 1. e4 e6 2. d4 d5 3. Nc3 Nf6 4. e5 Nfd7 5. f4 c5 6. Nf3 Nc6 7. Be3 a6 8. Qd2 b5 9. dxc5 Bxc5 10. Bd3 {C11: French: Classical System: 4 e5 and 4 Bg5 dxe4} (10. Ne2 O-O 11. Ned4 Qb6 12. c3 b4 13. Bd3 a5 14. O-O Ba6 15. Kh1 Bxd3 16. Qxd3 Qa6 17. Qc2 bxc3 18. bxc3 {½-½ (31) Dominguez Perez,L (2739)-So,W (2788) Saint Louis 2017}) 10... Qb6 11. Bf2 Bb7 12. a3 h6 13. O-O Bxf2+ 14. Rxf2 Nc5 15. Kh1 $146 ({Predecessor:} 15. b4 Nxd3 16. cxd3 a5 17. Rb1 axb4 18. axb4 {½-½ (46) Fuchs,F (2335)-Buhmann,R (2588) Apolda 2017}) 15... Rd8 {[#] ...Ne4! is the strong threat.} 16. Re2 O-O 17. Qe1 ({White should try} 17. b4 $11 Nxd3 18. Qxd3) 17... b4 (17... Ne7 {seems wilder.} 18. Qd2 Nxd3 19. cxd3 d4 20. Ne4 Nf5) 18. axb4 Nxb4 {White must now prevent ...d4.} 19. Na4 Nxa4 20. Rxa4 Nxd3 21. cxd3 d4 {Strongly threatening ...Bxf3.} 22. Rb4 Qa7 23. Nd2 Bd5 (23... a5 $5 {[%cal Ra5b4]} 24. Ra4 Bc6 $11) 24. Nc4 Rb8 25. h3 {The position is equal.} Bxc4 26. Rxc4 Rb3 27. Rd2 Rfb8 28. Qe4 g6 {Precision: White = 63%, Black = 65%.} 1/2-1/2